Kritéria a metody investičního rozhodování v zemědělství

Zvýšenie konkurencieschopnosti českého poľnohospodárstva je možné dosiahnuť obnovou a zdokonalením technického a technologického vybavenia poľnohospodárskych podnikateľských subjektov. Efektívnosť investícií. Kritériá investičného rozhodovania. Metódy investičného rozhodovania. Financovanie investič...

Ausführliche Beschreibung

Gespeichert in:
Bibliographische Detailangaben
1. Verfasser: Živělová, I.
Format: Buchkapitel
Sprache:Tschechisch
Schlagworte:
Tags: Tag hinzufügen
Keine Tags, Fügen Sie das erste Tag hinzu!

MARC

LEADER 00000naa a2200000 4500
001 r019895
005 20221205103323.1
041 0 |a cze 
044 |a CZ 
245 1 0 |a Kritéria a metody investičního rozhodování v zemědělství  |c I. Živělová 
520 |a Zvýšenie konkurencieschopnosti českého poľnohospodárstva je možné dosiahnuť obnovou a zdokonalením technického a technologického vybavenia poľnohospodárskych podnikateľských subjektov. Efektívnosť investícií. Kritériá investičného rozhodovania. Metódy investičného rozhodovania. Financovanie investičných rozhodnutí. Objem a štruktúra dotácií do poľnohospodárstva. 
610 2 0 |a poľnohospodárstvo 
610 2 0 |a Česko 
610 2 0 |a investície 
610 2 0 |a investovanie 
610 2 0 |a dotácie 
610 2 0 |a efektívnosť investícií 
610 2 0 |a vybavenosť technická 
610 2 0 |a rozhodovanie 
100 1 |a Živělová, I.